Statistics for Cities with the worlds largest Zoos

Click here to take the quiz!

General Stats

  • This quiz has been taken 120 times
  • The average score is 4 of 8

Answer Stats

RankAnswer% Correct
4Bronx Zoo (New York City)
75%
2Berlin Zoological Garden
73%
6San Diego Zoo
70%
3Beijing Zoo
62%
7Moscow Zoo
56%
5Toronto Zoo
44%
8Columbus Zoo and Aquarium
12%
1Henry Doorly Zoo (Omaha)
9%

Score Distribution

Percentile by Number Answered

Percent of People with Each Score

Your Score History

You have not taken this quiz